[Event "Pan American-ch School U17 Girls"]
[Site "Medellin"]
[Date "2019.11.14"]
[Round "4"]
[White "Iza Mendoza, Nefthys Sayde"]
[Black "Rosello, Josselyn"]
[Result "1-0"]
[WhiteElo "1470"]
[BlackElo "1249"]
[PlyCount "37"]
[EventDate "2019.11.12"]
[EventType "swiss"]
[EventRounds "9"]
[EventCountry "COL"]
[SourceTitle "CBM 193 Extra"]
[Source "ChessBase"]
[SourceDate "2020.01.31"]
[SourceVersion "1"]
[SourceVersionDate "2020.01.31"]
[SourceQuality "1"]

1. d4 d5 2. Nf3 e6 3. e3 c5 4. b3 Nf6 5. Bb2 Nc6 6. Bd3 a6 7. 0-0 Be7 8. Nbd2 0-0 9. a3 b6 10. Ne5 Bb7 11. Qf3 Qc7 12. Qh3 Rfd8 13. f4 b5 14. Nxc6 Qxc6 15. dxc5 Qxc5 16. Bd4 Qc7 17. Rf3 Ne4 18. Rg3 g6 19. Qxh7+ 1-0

[Event "Pan American-ch School U17 Girls"]
[Site "Medellin"]
[Date "2019.11.13"]
[Round "3"]
[White "Rosello, Josselyn"]
[Black "Francia Arzapalo, Camila S"]
[Result "1-0"]
[WhiteElo "1249"]
[BlackElo "1361"]
[PlyCount "55"]
[EventDate "2019.11.12"]
[EventType "swiss"]
[EventRounds "9"]
[EventCountry "COL"]
[SourceTitle "CBM 193 Extra"]
[Source "ChessBase"]
[SourceDate "2020.01.31"]
[SourceVersion "1"]
[SourceVersionDate "2020.01.31"]
[SourceQuality "1"]

1. d4 d5 2. c4 c6 3. Nf3 Nf6 4. Nc3 Bf5 5. Bf4 e6 6. e3 Be7 7. Rc1 0-0 8. Bd3 Ne4 9. 0-0 Nd7 10. Qc2 Ndf6 11. Ng5 Nxc3 12. Bxf5 exf5 13. bxc3 Ne4 14. Nf3 dxc4 15. Ne5 Qd5 16. f3 Nd6 17. Rfe1 Rfe8 18. e4 fxe4 19. fxe4 Qa5 20. Ng4 Nb5 21. Re3 Na3 22. Qf2 Qh5 23. Qf3 Qg6 24. Ne5 Qe6 25. Qh5 f6 26. Rh3 fxe5 27. Qxh7+ Kf7 28. Bh6 1-0